000 00772nam a2200217 a 4500
003 0
005 20250213105524.0
008 130129s19uu xx 00 eng d
050 _aPHS SB 113.2.E44
_b.R671 2012
100 _aRoces, Arielle P.
245 _aThe effect of molasses on the growth rate of wheatgrass (Triticum aestivum) /
_cArielle P. Roces.
260 _aLas PiƱas City, Philippines :
_bSouthville International School and Colleges,
_c2012.
300 _a26 pages :
_billustrations ;
_c28 cm.
504 _aIncludes bibliographical references.
650 _aMolasses
_xInfluence.
650 _aWheatgrass
_xGrowth
_xAnalysis.
650 _aPlant growth regulators.
650 _aSoil amendments.
650 _aMolasses as fertilizer.
942 _2lcc
_cPASS
999 _c98870
_d98870